MDQL
is popping MORE tags! Check the
thread
!
Quizzes
Events
Quiz Creation
Community
Videos
Private Events
Remove Ads
Sign In
Join for FREE
Feedback
Dark Mode
Quiz Categories
Sports
Geography
Music
Movies
Television
Just For Fun
Miscellaneous
History
Literature
Language
Science
Gaming
Entertainment
Religion
Holiday
For Kids
Quiz Lab
Recent
Popular Today
Quiz Kudos Today
Editor Picks
Curator Picks
Quizzes by...
Day
Popularity
Type
Ratings
Length
Year
Community
Subscriptions
Recent Discussions
Orange Saloon
Badges
Playlists
Quests
Create
Leaderboards
Showdown
Live 5
Trivia Bingo
Activity
Puzzle Library
Sporcle Events
Private Events
Virtual Trivia
Globe League
Become a Host
Pub Owners
SporcleCon
Opinionation
Our Games
Videos
Blog
Mobile Apps
Partnerships
Remove Ads and Go Orange
Feedback
Television
TV Characters
TV Show
Sitcom
Network
Friends
Reality Shows
Cast
South Park
Star Trek
The Simpsons
Doctor Who
Television
TV Characters
TV Show
Sitcom
Network
Friends
Reality Shows
Cast
South Park
Star Trek
The Simpsons
Doctor Who
Random Quiz
Search Sporcle
×
Quiz Lab
Quiz Lab
Television
Actress
Type in answers that appear in a list
Type in answers that appear in a list
Classic
Best Score? Go Orange.
Wentworth Prison Characters Season 1 Stats
Can you name the Wentworth Prison Characters Season 1?
By
emily1993
8m
18 Questions
1,098 Plays
1,098 Plays
1,098 Plays
Comments
Comments
Give Quiz Kudos
Give Quiz Kudos
-
- Ratings
hide this ad
Replay
Link that replays current quiz
Next Quiz
Link to next quiz in quiz playlist
You Got
0%
They Got
Avg Score
76%
Avg Friend Score
Upgrade to see
Score Distribution
Jump to the score distribution portion of the page
Score
0/18
Timer
08:00
0
Plays Today
Actor/Actress
Character
% Correct
Danielle Cormack
Bea
99.6%
Nicole Da Silva
Franky
97.7%
Kate Atkinson
Vera
93.6%
Celia Ireland
Liz
93%
Katrina Milosevic
Boomer
91%
Robbie Magasiva
Will
90.2%
Shareena Clanton
Doreen
88.3%
Kris McQuade
Jacs
82.6%
Catherine McClements
Meg
80.6%
Actor/Actress
Character
% Correct
Aaron Jeffery
Fletch
79.4%
Georgia Flood
Debbie
77.9%
Leeanna Walsman
Erica
76.1%
Jacqueline Brennan
Linda
68.2%
Jake Ryan
Harry
67.5%
Ra Chapman
Kim
63.4%
Reef Ireland
Braydon
46.5%
Ally Fowler
Simone
43.8%
Jada Alberts
Toni
39%
Quiz Playlist
Details
Report
Send in Message
Add To Playlist
Classic:
Type in answers that appear in a list
Last Updated: Aug 15, 2017
Quiz Scoreboard
CHALLENGE
Sign Up to Join the Scoreboard
Show All
Scores
Hide
Comments
May contain spoilers
Recently Published
Two Season TV Shows II
by 123Four
Television
10m
Image Sorting: Flags VI
by Barbecue
Geography
2m
Find the 'City' Movie
by crazypaving
Movies
60s
More to Explore
Quiz From the Vault
Featured Blog Post
14 Easter Pick-up Lines to Find Eggs With
hide this ad
You Might Also Like...
Tags
Actor Quiz
Actress Quiz
Role Quiz
Character
prison
season
Wentworth
Today's Top Quizzes in Television
Browse Television
hide this ad
Today's Top Quizzes in Actress
Browse Actress
Top Contributed Quizzes in Television
1
Survivor Journey Challenge
2
Adjectives in 00s TV Shows
3
Brooklyn Nine Nine Logic Puzzle (How-To-Play)
4
Even More Two Season TV Shows
5
Total Drama Characters
6
Survivor Logic Puzzle: Heroes vs. Villains
7
Adjectives in 10s TV Shows
8
Survivor Heroes vs. Villains Logic Puzzle
9
Phoebe Buffay Quotes
10
Survivor Seasons
Explore More
Trending Topics
Disney
Anime
Marvel
Harry Potter
NBA
Crossword
Kpop
Song
Pokémon
Soccer
WWE
NFL
Country
The Office
Puzzle
hide this ad
More By:
emily1993
Quiz
Plays
Rating
Category
Featured
Created
Wentworth Prison Characters Season 1
1,098
1.00
Television
Aug 14, 2017
Game of Thrones trivia quiz (30 questions)
809
1.67
Television
Aug 16, 2017
Prison Break Quiz Season 1-5
591
Television
Aug 17, 2017
Pretty Little Liars Quiz (50 Questions)
428
Television
Aug 15, 2017
The Fosters Characters
352
Television
Aug 13, 2017
Go to Creator's Profile
Score Distribution
Quiz Creator Spotlight
emily1993
Follow
Send a Message
Quizzes Created
-
Created Quiz Play Count
-
More By This Creator
Popular Quizzes Today
1
Find the US States - No Outlines Minefield
2
Colored Red Africa Blitz
3
Find the 'City' Movie
4
5x2 Blitz: Bands
5
The Countries of the World
6
Find the Countries of Europe - No Outlines Minefield
7
Find the US States
8
US States
More Television Quizzes
'13 Reasons Why' Season 2 Episodes
Quiz Lab
Trending Quizzes
Colored Red Europe Blitz I
Colored Red Africa Blitz II
Colored Red Europe Blitz II
Colored Red Africa Blitz III
Colored Red Europe Blitz III
Recently Updated
How Do You Spell That?
pecheneg
Godzilla Movies
pecheneg
Grab Bag: 4-10 Letters
pecheneg
2024 March Madness Bracket
pecheneg
Famous TV Couples
Peacemaker
Champions League XIs: Real Madrid
pecheneg
Largest US Cities 1790-2010
pecheneg
Rides in Walt Disney World
pecheneg
Most Oscar Losses (Acting)
pecheneg
Beyoncé Albums
pecheneg
Trending Topics
Harry Potter
Marvel
NBA
Disney
Kpop
Crossword
Anime
Puzzle
NFL
Song
The Office
Soccer
Pokémon
Country
WWE
Your Account Isn't Verified!
In order to create a playlist on Sporcle, you need to verify the email address you used during registration. Go to your
Sporcle Settings
to finish the process.
Report this User
Report this user for behavior that violates our
Community Guidelines
.
Details:
Send Report
Go to the Sporcle.com Mobile Site →
Comments